[Event "Superettan(Stockholms SS-Farsta)"]
[Site "?"]
[Date "2013.02.02"]
[Round "5"]
[White "Sammalvuo, Tapani"]
[Black "Bergstrom, Rolf"]
[Result "1-0"]
[WhiteElo "2516"]
[BlackElo "2319"]
[PlyCount "53"]

1. d4 d6 2. Nf3 Nf6 3. c4 g6 4. Nc3 Bf5 5. d5 Bg7 6. Nd4 Bd7 7. e4 O-O 8. Be2
Na6 9. Nb3 c5 10. Bf4 Nc7 11. Qd2 Rb8 12. e5 Nfe8 13. Qe3 b5 14. Nd2 bxc4 15.
Nxc4 Nb5 16. O-O Nd4 17. Bd3 Rb4 18. b3 Bf5 19. Rfe1 e6 20. exd6 Nxb3 21. axb3
Bxc3 22. Bxf5 Bxa1 23. dxe6 fxe6 24. Bxe6+ Kh8 25. Rxa1 Ng7 26. Be5 Rb7 27. Na5
1-0

[Event "Superettan(Stockholms SS-Farsta)"]
[Site "?"]
[Date "2013.02.02"]
[Round "5"]
[White "Uddenfeldt, Dan"]
[Black "Livner, Anders"]
[Result "1-0"]
[WhiteElo "2432"]
[BlackElo "2393"]
[PlyCount "120"]

1. d4 d5 2. Nf3 Nf6 3. c4 c6 4. e3 Bg4 5. cxd5 cxd5 6. Qb3 Bxf3 7. gxf3 Qd7 8.
Nc3 Nc6 9. Bd2 e6 10. Rc1 Be7 11. f4 O-O 12. Bd3 Rfc8 13. Ne2 Ne4 14. Bxe4 dxe4
15. Ng3 Qd5 16. O-O Qxb3 17. axb3 f5 18. d5 Nd8 19. Bc3 g6 20. Rfd1 Kf7 21. Ne2
exd5 22. Rxd5 Ne6 23. b4 Rd8 24. Ra5 Rd6 25. Nd4 Rb6 26. Nxe6 Rxe6 27. Bd4 Bxb4
28. Rb5 Bd6 29. Rxb7+ Re7 30. Rb5 Ke6 31. Ra1 h6 32. Ra6 Rd7 33. Rba5 Rg8 34.
Kf1 Rc8 35. h4 h5 36. Be5 Rcd8 37. Bc3 Ra8 38. Re5+ Kf7 39. Rd5 Rad8 40. Ba5
Ke6 41. Re5+ Kf7 42. Rd5 Ke6 43. Rd4 Rc8 44. Bb4 Rcd8 45. Ke2 Ke7 46. Rdxd6
Rxd6 47. Rxa7+ Ke6 48. Bxd6 Rxd6 49. Rc7 Rb6 50. Rc2 Kd5 51. Kd2 Rb3 52. Kc1
Rb6 53. Rc3 Ke6 54. Kb1 Rb7 55. b3 Rb6 56. Kb2 Kd5 57. Rc8 Ke6 58. Kc3 Ra6 59.
Rd8 Rc6+ 60. Kb2 Rb6 1-0

[Event "Superettan(Stockholms SS-Farsta)"]
[Site "?"]
[Date "2013.02.02"]
[Round "5"]
[White "von Bahr, Oskar"]
[Black "Henriksson, Johan"]
[Result "1-0"]
[WhiteElo "2360"]
[BlackElo "2277"]
[PlyCount "79"]

1. c4 c6 2. Nf3 d5 3. g3 Nf6 4. Bg2 g6 5. b3 Bg7 6. Bb2 O-O 7. O-O Bf5 8. d3
Qc8 9. Re1 Bh3 10. Bh1 Rd8 11. Nbd2 Qg4 12. cxd5 cxd5 13. Ne5 Qh5 14. e4 dxe4
15. Qxh5 Nxh5 16. Bxe4 Bxe5 17. Bxe5 Nc6 18. Bxc6 bxc6 19. Re3 Bf5 20. Rc1 Rac8
21. Ne4 Bxe4 22. Rxe4 Rxd3 23. Rb4 Rd7 24. Rxc6 Ra8 25. Ra6 Nf6 26. Rb8+ Rxb8
27. Bxb8 Rd2 28. Bxa7 Nd5 29. Bc5 f5 30. b4 f4 31. Kg2 Rb2 32. a4 e5 33. Re6
Rb3 34. Rxe5 f3+ 35. Kh3 Rd3 36. a5 Kf7 37. a6 Kf6 38. a7 Nc7 39. Re7 Na8 40.
Re8 1-0

[Event "Superettan(Stockholms SS-Farsta)"]
[Site "?"]
[Date "2013.02.02"]
[Round "5"]
[White "Couso, Luis"]
[Black "Hjelm, Niclas"]
[Result "1-0"]
[WhiteElo "2296"]
[BlackElo "2386"]
[PlyCount "69"]

1. d4 d5 2. Nf3 Nf6 3. c4 c6 4. e3 Bf5 5. Nc3 e6 6. Nh4 Bg6 7. Qb3 Qc7 8. g3
Nbd7 9. Nxg6 hxg6 10. Bd2 Be7 11. Rc1 Nb6 12. c5 Nbd7 13. f4 Nh5 14. Bg2 f5 15.
Qc2 Nhf6 16. b4 g5 17. a4 gxf4 18. exf4 Kf7 19. O-O Rh6 20. h3 Rah8 21. Ne2
R6h7 22. Rb1 Qc8 23. Rb3 Ne4 24. g4 Nxd2 25. Qxd2 Nf6 26. g5 Ne4 27. Qe3 Rd8
28. Nc1 g6 29. Nd3 Kg7 30. b5 Rhh8 31. Rfb1 Rd7 32. Ne5 Rc7 33. bxc6 bxc6 34.
Bf1 Rd8 35. a5 1-0

[Event "Superettan(Stockholms SS-Farsta)"]
[Site "?"]
[Date "2013.02.02"]
[Round "5"]
[White "Lissang, Christopher"]
[Black "Braathen, Tom"]
[Result "1-0"]
[WhiteElo "2272"]
[BlackElo "2081"]
[PlyCount "59"]

1. d4 Nf6 2. c4 c5 3. d5 b5 4. cxb5 a6 5. bxa6 g6 6. Nc3 Bxa6 7. e4 Bxf1 8.
Kxf1 d6 9. Nf3 Bg7 10. g3 O-O 11. Kg2 Nbd7 12. Qe2 Qa5 13. a4 Qa6 14. Nb5 Ne8
15. Re1 Qb7 16. Bg5 Ndf6 17. Bd2 Nc7 18. Nxc7 Qxc7 19. Bc3 Nd7 20. Bxg7 Kxg7
21. Nd2 Rfb8 22. b3 Rb4 23. Rac1 Qb7 24. Rc3 Nb6 25. g4 c4 26. bxc4 Nxa4 27.
Rh3 Qd7 28. e5 Nc5 29. e6 fxe6 30. Qe3 1-0

[Event "Superettan(Stockholms SS-Farsta)"]
[Site "?"]
[Date "2013.02.02"]
[Round "5"]
[White "Marder, Simon"]
[Black "Ong, Kezli"]
[Result "0-1"]
[WhiteElo "2083"]
[BlackElo "2318"]
[PlyCount "66"]

1. d4 Nf6 2. Bg5 e6 3. e3 c5 4. Nd2 d5 5. c3 b6 6. f4 h6 7. Bh4 Be7 8. Nh3 Ne4
9. Bxe7 Qxe7 10. Nxe4 dxe4 11. Nf2 f5 12. Qh5+ Qf7 13. Qh3 O-O 14. Rg1 cxd4 15.
exd4 Qc7 16. Qh4 Nc6 17. Nd1 Ne7 18. g3 Rb8 19. Ne3 b5 20. Rg2 b4 21. Rc2 bxc3
22. Rxc3 Qd7 23. Rac1 Rxb2 24. Rc7 Ng6 25. Qh5 Qxd4 26. Nc2 Qb6 27. Rc3 Kh7 28.
Ne3 Ba6 29. Bxa6 Qxa6 30. Nc4 Rxa2 31. Ne5 Nxe5 32. fxe5 Qb6 33. R1c2 Qg1+ 0-1

[Event "Superettan(Stockholms SS-Farsta)"]
[Site "?"]
[Date "2013.02.02"]
[Round "5"]
[White "Jaderberg, Bjorn"]
[Black "Nilsson, Mats E"]
[Result "1/2-1/2"]
[WhiteElo "2202"]
[BlackElo "2093"]
[PlyCount "102"]

1. d4 e6 2. Nc3 d5 3. e4 Bb4 4. exd5 exd5 5. Bd3 Nf6 6. Bg5 c6 7. Nge2 O-O 8.
O-O Be7 9. Ng3 h6 10. Bf4 Bd6 11. Qd2 Bxf4 12. Qxf4 Be6 13. Rae1 Nbd7 14. Nce2
Re8 15. c3 Nf8 16. Qd2 Ne4 17. Qc2 Nxg3 18. Nxg3 Bg4 19. f3 Rxe1 20. Rxe1 Be6
21. f4 Qd6 22. f5 Bd7 23. Qf2 Nh7 24. Nh5 Re8 25. Rxe8+ Bxe8 26. Qe2 Bd7 27.
Qe5 Qxe5 28. dxe5 Be8 29. Nf4 Nf8 30. Kf2 Nd7 31. e6 fxe6 32. Nxe6 Ne5 33. Be2
Bd7 34. Ke3 Bxe6 35. fxe6 Kf8 36. Kf4 Ng6+ 37. Kf5 Nh4+ 38. Ke5 Ke7 39. c4 dxc4
40. g3 Ng6+ 41. Kf5 Nf8 42. Bxc4 b5 43. Bb3 Kd6 44. h4 a6 45. g4 Ke7 46. a3 a5
47. Ba2 Kd6 48. a4 Kc7 49. Bb3 bxa4 50. Bc4 Kd6 51. Ba2 Ke7 1/2-1/2

[Event "Superettan(Stockholms SS-Farsta)"]
[Site "?"]
[Date "2013.02.02"]
[Round "5"]
[White "Wikfeldt, Kjartan"]
[Black "Wieweg, Johnny"]
[Result "1/2-1/2"]
[WhiteElo "2079"]
[BlackElo "2130"]
[PlyCount "79"]
[EventDate "2013.??.??"]

1. d4 Nf6 2. Bg5 Ne4 3. Bf4 c5 4. d5 Qb6 5. Nc3 Qxb2 6. Nxe4 Qb4+ 7. Qd2 Qxe4
8. f3 Qa4 9. e4 d6 10. Ne2 g6 11. Nc3 Qa5 12. Nb5 Qxd2+ 13. Bxd2 Na6 14. Bc3 f6
15. Rb1 Bg7 16. Bc4 O-O 17. O-O Bd7 18. f4 Rfc8 19. Rfe1 Nb4 20. Na3 a5 21. e5
fxe5 22. fxe5 Bf5 23. Re2 Rf8 24. h3 h5 25. Rb2 Rad8 26. Nb5 Bh6 27. a3 Nxc2
28. Rbxc2 Bxc2 29. Rxc2 Be3+ 30. Kh2 Rf4 31. Bxa5 Ra8 32. Bc7 Ra4 33. exd6 exd6
34. Nxd6 h4 35. Re2 Bf2 36. Re8+ Kg7 37. Re7+ Kg8 38. Re8+ Kg7 39. Re7+ Kg8 40.
Re8+ 1/2-1/2

[Event "Superettan(Majorna-Limhamn II)"]
[Site "?"]
[Date "2013.02.23"]
[Round "6"]
[White "Mansson, Lars"]
[Black "Enstrom, Henrik"]
[Result "1-0"]
[WhiteElo "2254"]
[BlackElo "2232"]
[PlyCount "101"]
[SourceDate "2013.03.02"]

1. e4 d6 2. d4 Nf6 3. Nc3 g6 4. Nf3 Bg7 5. Be3 O-O 6. Qd2 Ng4 7. Bg5 h6 8. Bh4
c6 9. h3 Nf6 10. Bd3 Kh7 11. g4 b5 12. g5 Nh5 13. gxh6 Bxh6 14. Bg5 Bg7 15.
O-O-O Qc7 16. Ne2 e5 17. Be3 Nd7 18. Ng5+ Kg8 19. dxe5 dxe5 20. Rdg1 Ndf6 21.
Ng3 Nf4 22. h4 Bg4 23. f3 Nxd3+ 24. Qxd3 Bh5 25. Rh2 Rfd8 26. Qb3 Rd6 27. Rhg2
Rad8 28. Bc5 R6d7 29. a3 Bh6 30. Be3 c5 31. Nxh5 Nxh5 32. Qxb5 f6 33. Qc4+ Rf7
34. Nxf7 Bxe3+ 35. Kb1 Qxf7 36. Rxg6+ Kf8 37. Rg8+ Ke7 38. Qxf7+ Kxf7 39. Rxd8
Bxg1 40. Rd7+ Ke6 41. Rxa7 Ng3 42. Rg7 Bf2 43. c4 f5 44. exf5+ Nxf5 45. Rg6+
Kf7 46. h5 Nh4 47. Rg5 Kf6 48. Rg4 Nxf3 49. h6 e4 50. h7 Kf5 51. Rg7 1-0

[Event "Superettan(Majorna-Limhamn II)"]
[Site "?"]
[Date "2013.02.23"]
[Round "6"]
[White "Kall, Anders"]
[Black "Hansen, Anders"]
[Result "1/2-1/2"]
[WhiteElo "2173"]
[BlackElo "2104"]
[PlyCount "81"]

1. e4 d6 2. d4 Nf6 3. Nc3 e5 4. Nf3 Nbd7 5. Bc4 Be7 6. O-O O-O 7. Qe2 c6 8. a4
a5 9. Rd1 Qc7 10. h3 h6 11. Be3 Re8 12. Bb3 Bf8 13. dxe5 Nxe5 14. Nd4 b6 15. f4
Ba6 16. Ndb5 cxb5 17. axb5 Bb7 18. fxe5 Rxe5 19. Bd4 Rae8 20. Qf2 Nxe4 21. Nxe4
Bxe4 22. Bxe5 dxe5 23. Qe2 Bc5+ 24. Kh1 Bf5 25. Rf1 Be6 26. Bxe6 Rxe6 27. Qe4
g6 28. Rad1 Kg7 29. g4 Qe7 30. Rd3 Qg5 31. Rdf3 f6 32. Rd3 Re7 33. Rd8 Qe3 34.
Qxe3 Bxe3 35. Kg2 e4 36. Rfd1 f5 37. gxf5 gxf5 38. R8d7 Kf6 39. R1d6+ Re6 40.
Rc6 f4 41. Rd5 1/2-1/2

[Event "Superettan(Majorna-Limhamn II)"]
[Site "?"]
[Date "2013.02.23"]
[Round "6"]
[White "Holst, Conny"]
[Black "Bengtsson, Tage"]
[Result "1-0"]
[WhiteElo "2243"]
[BlackElo "2148"]
[PlyCount "81"]

1. d4 d5 2. c4 e6 3. Nf3 c5 4. cxd5 exd5 5. g3 Nc6 6. Bg2 Nf6 7. O-O Be7 8. Nc3
O-O 9. Bg5 cxd4 10. Nxd4 h6 11. Nxc6 bxc6 12. Be3 Re8 13. Rc1 Qa5 14. Qa4 Qa6
15. Rfd1 Rb8 16. Qxa6 Bxa6 17. Rc2 Rb7 18. Bf3 Nd7 19. Nxd5 cxd5 20. Bxd5 Nb6
21. Bxb7 Bxb7 22. Rc7 Be4 23. Rxa7 Nc8 24. Rc7 Bf8 25. a4 Nd6 26. Bf4 Re6 27.
f3 Bg6 28. e4 Ne8 29. Rc8 f6 30. Rdd8 Bb4 31. Kg2 Re7 32. Bd6 Bxd6 33. Rxd6 Kf7
34. Rb6 f5 35. exf5 Bxf5 36. Rc5 Bd3 37. g4 Ra7 38. a5 Nc7 39. Rc3 Bb1 40. a6
Nxa6 41. Ra3 1-0

[Event "Superettan(Majorna-Limhamn II)"]
[Site "?"]
[Date "2013.02.23"]
[Round "6"]
[White "Strom, Leif"]
[Black "Nurmi, Tommy"]
[Result "1-0"]
[WhiteElo "2155"]
[BlackElo "2119"]
[PlyCount "49"]

1. c4 f5 2. g3 Nf6 3. Bg2 e6 4. Nc3 d5 5. cxd5 exd5 6. Nf3 c6 7. d3 Be7 8. O-O
O-O 9. a3 a5 10. Qc2 Kh8 11. Be3 b5 12. Bd4 Ba6 13. Rfe1 Ng4 14. h3 Nh6 15. e4
b4 16. Na4 Bxd3 17. Qxd3 fxe4 18. Qd2 exf3 19. Qxh6 Bf6 20. Bxf6 Rxf6 21. Qh5
g6 22. Qg5 fxg2 23. Re6 Rf8 24. Qe5+ Kg8 25. Re7 1-0

[Event "Superettan(Majorna-Limhamn II)"]
[Site "?"]
[Date "2013.02.23"]
[Round "6"]
[White "Nilsson, Patrik"]
[Black "Panas, Itai"]
[Result "1-0"]
[WhiteElo "2059"]
[BlackElo "2146"]
[PlyCount "63"]

1. e4 c5 2. Nf3 d6 3. d4 cxd4 4. Nxd4 Nf6 5. Nc3 g6 6. Be3 Bg7 7. f3 O-O 8. Qd2
Nc6 9. Bc4 Bd7 10. h4 h5 11. Bb3 Rc8 12. O-O-O Ne5 13. Bh6 Bxh6 14. Qxh6 Rxc3
15. bxc3 Qa5 16. Kb1 Rc8 17. g4 Nc4 18. gxh5 Nxh5 19. Rhg1 Qxc3 20. Bxc4 Rxc4
21. Rd3 Qa5 22. Nb3 Qb6 23. Rg2 Bh3 24. Rgd2 Bf1 25. Rd5 Nf6 26. Rg5 Nh7 27.
Rg3 Rc5 28. f4 e6 29. h5 g5 30. fxg5 Nf8 31. g6 f5 32. g7 1-0

[Event "Superettan(Majorna-Limhamn II)"]
[Site "?"]
[Date "2013.02.23"]
[Round "6"]
[White "Fors, Klas"]
[Black "Liedbeck, Patrick"]
[Result "1-0"]
[WhiteElo "2075"]
[BlackElo "1910"]
[PlyCount "123"]

1. e4 c5 2. Nf3 d6 3. d4 cxd4 4. Nxd4 Nf6 5. Nc3 a6 6. g3 e5 7. Nde2 Be6 8. Bg2
Nbd7 9. a4 Be7 10. O-O O-O 11. h3 Nb6 12. f4 exf4 13. gxf4 a5 14. b3 Bd7 15.
Be3 Bc6 16. Nd4 d5 17. e5 Nfd7 18. Nf5 Bc5 19. Bxc5 Nxc5 20. Bxd5 Nxd5 21. Nxd5
Bxd5 22. Qxd5 Qxd5 23. Ne7+ Kh8 24. Nxd5 Rac8 25. Nb6 Rc6 26. Nc4 b6 27. Rfd1
Nxa4 28. Rd6 Rxd6 29. exd6 b5 30. Nxa5 Nc5 31. Nc6 g6 32. Ra5 Nb7 33. Rxb5 Nxd6
34. Rd5 Ne4 35. c4 Ra8 36. Ra5 Rc8 37. Ne5 f6 38. Nd3 Nd2 39. Rb5 Kg7 40. Kf2
Kh6 41. Ke3 Nxb3 42. Rxb3 Rxc4 43. Rb6 Kg7 44. Rb7+ Kh6 45. Rf7 Rc6 46. Nf2 f5
47. Nd3 Ra6 48. Rd7 Ra3 49. Ke2 Ra2+ 50. Kf3 Ra3 51. Kg2 g5 52. fxg5+ Kxg5 53.
Rd4 Ra7 54. Ne5 f4 55. Nf3+ Kf5 56. Rd5+ Ke4 57. Re5+ Kd3 58. Ng5 h6 59. Ne6
Rf7 60. Kf3 Rf6 61. Nxf4+ Kd4 62. Re4+ 1-0

[Event "Superettan(Majorna-Limhamn II)"]
[Site "?"]
[Date "2013.02.23"]
[Round "6"]
[White "Surender, Anil"]
[Black "Ruonala, Robert"]
[Result "1/2-1/2"]
[WhiteElo "2038"]
[BlackElo "2070"]
[PlyCount "109"]

1. e4 Nf6 2. d3 e5 3. Nd2 Nc6 4. g3 h5 5. h4 Bc5 6. Nb3 Bb6 7. Bg5 d6 8. Bh3
Bxh3 9. Nxh3 Qd7 10. Qf3 Ng4 11. O-O-O a5 12. c3 f6 13. Be3 Bxe3+ 14. fxe3 b5
15. Nf2 a4 16. Nd2 a3 17. b3 Nb4 18. cxb4 Qc6+ 19. Nc4 bxc4 20. dxc4 Nxf2 21.
Qxf2 Qxe4 22. Qd2 Ke7 23. b5 Rhd8 24. Qd3 Qg2 25. Qd2 Qe4 26. Qd3 Qg2 27. Qd2
Qxd2+ 28. Rxd2 Rg8 29. Kc2 g5 30. Kd3 f5 31. Rf2 Ke6 32. Rfh2 gxh4 33. Rxh4
Rxg3 34. Rxh5 f4 35. Rh6+ Kf5 36. R6h5+ Kg4 37. R5h4+ Kf3 38. exf4 exf4 39. Kd4
Rag8 40. Rf1+ Ke2 41. Rhxf4 Rd3+ 42. Ke4 Re8+ 43. Kf5 Rde3 44. R1f2+ Kd3 45.
R2f3 Kc3 46. Rxe3+ Rxe3 47. Rf2 Re1 48. Kf6 Kd4 49. Kf5 Kc5 50. Rd2 Rb1 51. Ke4
Kb4 52. Kd3 Ra1 53. Kd4 Rb1 54. Kd3 Ra1 55. Kd4 1/2-1/2

[Event "Superettan(Majorna-Limhamn II)"]
[Site "?"]
[Date "2013.02.23"]
[Round "6"]
[White "Linden, Leif"]
[Black "Kirppo, Ronny"]
[Result "0-1"]
[WhiteElo "1968"]
[BlackElo "1926"]
[PlyCount "90"]

1. d4 Nf6 2. c4 e5 3. dxe5 Ng4 4. Bf4 Nc6 5. Nf3 Bb4+ 6. Nbd2 Qe7 7. a3 Ngxe5
8. Nxe5 Nxe5 9. e3 Bxd2+ 10. Qxd2 O-O 11. Be2 d6 12. O-O Be6 13. Qc3 Ng6 14.
Bg3 f5 15. Bf3 Rab8 16. Rac1 b6 17. Rfe1 Kh8 18. Qd4 Rbe8 19. b4 Bd7 20. h3 Ne5
21. Bh5 g6 22. Bd1 Qg7 23. c5 f4 24. Bh2 fxe3 25. fxe3 Bb5 26. Be2 Bxe2 27.
Rxe2 Nf3+ 28. gxf3 Qxd4 29. exd4 Rxe2 30. cxd6 cxd6 31. Bxd6 Rxf3 32. b5 Kg7
33. Rc7+ Rf7 34. Rc3 g5 35. Rg3 Kg6 36. Bb4 Rd7 37. Rd3 Kf5 38. Bc3 Ke4 39. Rg3
Rd5 40. Kf1 Rc2 41. Ke1 Rxb5 42. Kd1 Ra2 43. Kc1 Rxa3 44. Rg4+ Kf5 45. Bd2 h6
0-1

[Event "Superettan(Kamraterna-Orebro)"]
[Site "?"]
[Date "2013.02.23"]
[Round "6"]
[White "Drugge, Patrick"]
[Black "Andreasson, Ingvar"]
[Result "0-1"]
[WhiteElo "2254"]
[BlackElo "2410"]
[PlyCount "110"]

1. e4 e6 2. d4 d5 3. exd5 exd5 4. Nf3 Bg4 5. h3 Bh5 6. Qe2+ Qe7 7. Be3 Nc6 8.
Nc3 O-O-O 9. O-O-O f6 10. a3 Qe8 11. g4 Bf7 12. Nd2 f5 13. Nb3 Nf6 14. f3 Bd6
15. Qd2 fxg4 16. hxg4 Qf8 17. Nb5 Kb8 18. Nxd6 cxd6 19. Na5 Nxa5 20. Qxa5 Nd7
21. Bd3 Nb6 22. b3 Be6 23. Rdf1 Rc8 24. Qb4 h5 25. gxh5 Ka8 26. Qd2 Bf5 27. Kb1
Rc6 28. h6 gxh6 29. Rxh6 Rg8 30. Rh2 Qc8 31. Rfh1 a6 32. Bxf5 Qxf5 33. Rh8 Rxh8
34. Rxh8+ Ka7 35. f4 Nd7 36. Qg2 Rc3 37. Qd2 Rxb3+ 38. Ka2 Rxe3 39. Qxe3 Qxc2+
40. Ka1 Nb6 41. Rh1 Nc4 42. Qc1 Qb3 43. Rf1 Nxa3 44. Rf2 Qa4 45. Rd2 Nc4+ 46.
Ra2 Qb3 47. Rg2 Qa4+ 48. Ra2 Qb3 49. Rg2 Qd3 50. Ka2 a5 51. Qc2 Qa3+ 52. Kb1
Ne3 53. Qb2 Qd3+ 54. Rc2 Nxc2 55. Qxc2 Qxc2+ 0-1

[Event "Superettan(Kamraterna-Orebro)"]
[Site "?"]
[Date "2013.02.23"]
[Round "6"]
[White "Svensson, Bengt"]
[Black "Lind, Jan-Olov"]
[Result "1/2-1/2"]
[WhiteElo "2456"]
[BlackElo "2267"]
[PlyCount "49"]

1. e4 c5 2. Nf3 g6 3. Nc3 Bg7 4. d4 cxd4 5. Nxd4 Nc6 6. Be3 Nf6 7. Bc4 O-O 8.
Bb3 a5 9. a4 d6 10. h3 Nxd4 11. Bxd4 Be6 12. Bxe6 fxe6 13. O-O Rc8 14. e5 Nh5
15. exd6 exd6 16. Bxg7 Nxg7 17. Nb5 d5 18. Qd2 Qh4 19. b3 Nh5 20. Nd4 Nf4 21.
Ne2 Qg5 22. Nxf4 Qxf4 23. Qe2 Qf5 24. c4 d4 25. Rad1 1/2-1/2

[Event "Superettan(Kamraterna-Orebro)"]
[Site "?"]
[Date "2013.02.23"]
[Round "6"]
[White "Alm, Hakan"]
[Black "Aberg, Anton"]
[Result "0-1"]
[WhiteElo "2330"]
[BlackElo "2420"]
[PlyCount "102"]

1. c4 c6 2. d4 d5 3. cxd5 cxd5 4. Nf3 Nf6 5. Nc3 Nc6 6. Bf4 Bf5 7. e3 e6 8. Bb5
Bb4 9. Qa4 O-O 10. O-O Bxc3 11. bxc3 Ne4 12. Rfc1 Na5 13. Bd3 a6 14. Qd1 Rc8
15. Bxe4 Bxe4 16. Nd2 Bg6 17. Qe2 Nc4 18. Nb3 Rc6 19. Bg3 a5 20. f3 b6 21. a4
Qd7 22. Nd2 Rfc8 23. Nf1 h6 24. Be1 R6c7 25. e4 Rb7 26. Ng3 b5 27. axb5 Rxb5
28. Rcb1 Rcb8 29. Rxb5 Rxb5 30. f4 Rb2 31. Qf3 dxe4 32. Nxe4 Bxe4 33. Qxe4 f5
34. Qf3 Kh7 35. h4 Qd5 36. Qg3 Ne3 37. Bf2 Ng4 38. Be1 Qe4 39. Qf3 Qc2 40. h5
a4 41. d5 exd5 42. Qxd5 a3 43. Qc6 Nf6 44. Rxa3 Qd1 45. Qe6 Qxh5 46. Ra1 Qg4
47. Bf2 Ne4 48. Rf1 Nxc3 49. Re1 Ne2+ 50. Kf1 Nxf4 51. Qc6 Nd3 0-1

[Event "Superettan(Kamraterna-Orebro)"]
[Site "?"]
[Date "2013.02.23"]
[Round "6"]
[White "Hamark, Jesper"]
[Black "Blomstrom, Lars"]
[Result "0-1"]
[WhiteElo "2385"]
[BlackElo "2230"]
[PlyCount "92"]

1. d4 Nf6 2. Nf3 g6 3. c4 Bg7 4. Nc3 O-O 5. g3 d6 6. Bg2 c6 7. O-O Nbd7 8. e4
e5 9. h3 Re8 10. Re1 a5 11. d5 c5 12. Rf1 Rf8 13. Ne1 Ne8 14. Nd3 f5 15. f4 Nc7
16. exf5 gxf5 17. Be3 Nb6 18. Qb3 a4 19. Qxb6 Ra6 20. Bxc5 Rxb6 21. Bxb6 Qd7
22. fxe5 dxe5 23. Rae1 e4 24. Nf4 a3 25. Rb1 axb2 26. Nd1 Be5 27. Kh2 Qa4 28.
Nxb2 Qxa2 29. Rfd1 Na8 30. Bc5 Re8 31. d6 Bd7 32. Nd5 Bxb2 33. Rxb2 Qxb2 34.
Bd4 Qb3 35. Rc1 Qd3 36. Be3 Kf7 37. Rc3 Qb1 38. g4 fxg4 39. hxg4 Bc6 40. Bd4
Qd1 41. Bf6 Qxg4 42. Rg3 Qxg3+ 43. Kxg3 Bxd5 44. d7 Rg8+ 45. Bg5 Rxg5+ 46. Kf4
Rg8 0-1

[Event "Superettan(Kamraterna-Orebro)"]
[Site "?"]
[Date "2013.02.23"]
[Round "6"]
[White "Jonsson, Krister"]
[Black "Akbarinia, Arash"]
[Result "0-1"]
[WhiteElo "2168"]
[BlackElo "2352"]
[PlyCount "98"]

1. d4 d5 2. c4 e6 3. Nf3 Nf6 4. Nc3 Be7 5. Bg5 O-O 6. e3 h6 7. Bh4 a6 8. Qc2
Nbd7 9. Rd1 dxc4 10. Bxc4 b5 11. Bb3 Bb7 12. O-O Rc8 13. a3 c5 14. dxc5 Rxc5
15. Qe2 Ne4 16. Nxe4 Bxe4 17. Bg3 Qc8 18. Rd4 Bb7 19. Rfd1 Nb6 20. e4 Qa8 21.
Ne1 e5 22. R4d2 Bxe4 23. f3 Bg6 24. Bxe5 Re8 25. Bd4 Nc4 26. Bxc4 Rxc4 27. Qf2
Qc6 28. Kh1 b4 29. b3 Rc1 30. a4 Bg5 31. Rxc1 Qxc1 32. Re2 Rd8 33. h4 Bf4 34.
Be3 Bxe3 35. Qxe3 Qc3 36. Kg1 Rd1 37. Kf2 Rb1 38. Qe8+ Kh7 39. Qf8 Qd4+ 40. Kg3
Rxb3 41. Re8 Bh5 42. Nc2 Qb6 43. Rc8 Rc3 44. Qh8+ Kg6 45. Rg8 Qd6+ 46. Kh3 Qe6+
47. Kh2 Qe5+ 48. f4 Qxf4+ 49. Kg1 Qf6 0-1

[Event "Superettan(Kamraterna-Orebro)"]
[Site "?"]
[Date "2013.02.23"]
[Round "6"]
[White "Svenn, Gosta"]
[Black "Larsson, Patrik"]
[Result "1-0"]
[WhiteElo "2331"]
[BlackElo "1991"]
[PlyCount "77"]

1. Nf3 Nf6 2. b3 g6 3. Bb2 Bg7 4. e3 O-O 5. Be2 c5 6. c4 Nc6 7. O-O d5 8. cxd5
Nxd5 9. Bxg7 Kxg7 10. Qc2 Qd6 11. a3 Bd7 12. d3 Qf6 13. Ra2 Rac8 14. Rc1 b6 15.
Nc3 Nxc3 16. Qxc3 Be6 17. Nd2 Qxc3 18. Rxc3 f5 19. Rac2 Ne5 20. f4 Nf7 21. Nc4
Bxc4 22. bxc4 Rcd8 23. a4 e5 24. a5 Rd6 25. Rb2 e4 26. dxe4 fxe4 27. axb6 axb6
28. Ra3 Rb8 29. Ra7 h5 30. Rba2 Kf6 31. Rc7 Nd8 32. Raa7 Rd2 33. Kf2 Rd6 34. g3
Rd2 35. h3 Rd6 36. g4 hxg4 37. hxg4 g5 38. Rh7 gxf4 39. Rh6+ 1-0

[Event "Superettan(Kamraterna-Orebro)"]
[Site "?"]
[Date "2013.02.23"]
[Round "6"]
[White "Mohammadi, Amir"]
[Black "Sparv, Joakim"]
[Result "1-0"]
[WhiteElo "2293"]
[BlackElo "1825"]
[PlyCount "97"]

1. e4 c5 2. Nc3 d6 3. g3 Nc6 4. Bg2 g6 5. d3 Bg7 6. Be3 e6 7. Qd2 Qa5 8. Nge2
h5 9. d4 cxd4 10. Nxd4 Ne5 11. Nb3 Qa6 12. O-O-O Nc4 13. Qd3 Nh6 14. Bf1 b5 15.
Nxb5 Bxb2+ 16. Kb1 Qxb5 17. Qxc4 Qxc4 18. Bxc4 Ba3 19. f3 a5 20. Bc1 Bxc1 21.
Kxc1 a4 22. Nd4 Ba6 23. Bb5+ Ke7 24. Bc6 Rac8 25. Bxa4 Bb7 26. Bb3 Rhd8 27.
Rhe1 e5 28. Nb5 f5 29. Bd5 Ba8 30. Rd3 Bxd5 31. Rxd5 Ke6 32. Red1 Rc6 33. f4
fxe4 34. fxe5 Nf5 35. exd6 Rxc2+ 36. Kxc2 Ne3+ 37. Kc3 Nxd5+ 38. Kd4 Nf6 39.
Ke3 Ng4+ 40. Kd4 Nf6 41. h3 Rc8 42. Ke3 Ke5 43. a4 Nd5+ 44. Ke2 g5 45. Ke1 e3
46. Nd4 Kxd6 47. Nf5+ Ke5 48. Rxd5+ Ke4 49. Nd6+ 1-0

[Event "Superettan(Schack 08-Sollentuna)"]
[Site "?"]
[Date "2013.02.23"]
[Round "6"]
[White "Poley, Vladimir"]
[Black "Renman, Nils-Gustaf"]
[Result "1-0"]
[WhiteElo "2440"]
[BlackElo "2410"]
[PlyCount "115"]
[EventDate "2013.??.??"]

1. g3 d5 2. Bg2 c6 3. Nf3 g6 4. O-O Bg7 5. d4 Nf6 6. Nbd2 O-O 7. c4 Nbd7 8. Qb3
Qb6 9. Qa3 Re8 10. cxd5 cxd5 11. Nb3 Bf8 12. Qa5 Qxa5 13. Nxa5 b6 14. Nc6 Ba6
15. Nfe5 e6 16. Bf3 Nxe5 17. dxe5 Nd7 18. Bf4 Rec8 19. Rac1 Bb7 20. Nd4 a6 21.
Bg4 Nc5 22. h4 h5 23. Bh3 a5 24. Be3 Ba6 25. g4 Na4 26. gxh5 gxh5 27. Rb1 Kh7
28. f4 Bh6 29. Kf2 Nc5 30. Kf3 Rg8 31. Rg1 Rxg1 32. Rxg1 Rg8 33. Rxg8 Kxg8 34.
f5 Bxe3 35. Kxe3 exf5 36. Nxf5 Kh7 37. Ng3 Na4 38. b3 Nc3 39. a3 d4+ 40. Kxd4
Nb5+ 41. Ke3 Nxa3 42. Bf5+ Kh6 43. Bd3 Bc8 44. Kf4 Be6 45. Nf5+ Kg6 46. Nd4+
Kh6 47. Nxe6 fxe6 48. Ke3 Kg7 49. Kf3 Kf7 50. Kf4 b5 51. Kg5 b4 52. Kxh5 a4 53.
bxa4 b3 54. a5 b2 55. a6 Nb5 56. Kg5 Na7 57. h5 Nc6 58. Be4 1-0

[Event "Superettan(Schack 08-Sollentuna)"]
[Site "?"]
[Date "2013.02.23"]
[Round "6"]
[White "Ingbrant, Johan"]
[Black "Ernst, Thomas"]
[Result "1-0"]
[WhiteElo "2437"]
[BlackElo "2434"]
[PlyCount "67"]

1. d4 Nf6 2. g3 c5 3. Nf3 cxd4 4. Nxd4 d5 5. Bg2 e5 6. Nb3 Nc6 7. O-O h6 8. Nc3
Be6 9. f4 exf4 10. gxf4 g6 11. Kh1 Bb4 12. Nb5 O-O 13. c3 Be7 14. N5d4 Bd7 15.
Be3 Kh7 16. Qd3 Re8 17. f5 Ne5 18. fxg6+ fxg6 19. Qc2 Bd6 20. Bf4 Qe7 21. e3
Kg7 22. Rg1 Neg4 23. Bf3 g5 24. Nf5+ Bxf5 25. Qxf5 Nxe3 26. Bxe3 Qxe3 27. Nd4
Qe5 28. Qh3 Kg6 29. Raf1 h5 30. Bxh5+ Nxh5 31. Nf3 Qe4 32. Rxg5+ Kf6 33. Rxh5
Bf4 34. Qh4+ 1-0

[Event "Superettan(Schack 08-Sollentuna)"]
[Site "?"]
[Date "2013.02.23"]
[Round "6"]
[White "Walinder, Lars"]
[Black "Laveryd, Peter"]
[Result "1/2-1/2"]
[WhiteElo "2197"]
[BlackElo "2431"]
[PlyCount "99"]

1. c4 e6 2. g3 d5 3. Nf3 c5 4. cxd5 exd5 5. d4 Nc6 6. Bg2 Nf6 7. O-O Be7 8. Nc3
O-O 9. Bg5 cxd4 10. Nxd4 h6 11. Be3 Re8 12. Qa4 Na5 13. Rad1 Bd7 14. Qc2 Nc4
15. Nxd5 Rc8 16. Qb1 Nxe3 17. Nxe3 Qb6 18. Nef5 Bc5 19. e3 g6 20. Nh4 Kg7 21.
Rd2 Rc7 22. Rc1 Bb4 23. Rdc2 Rxc2 24. Qxc2 Rc8 25. Qd1 Rxc1 26. Qxc1 Bd6 27.
Qc3 Qa6 28. a3 b5 29. b4 Qa4 30. Bf1 a5 31. bxa5 b4 32. axb4 Bxb4 33. Qb2 Qxa5
34. Nhf3 Bd6 35. h3 Qa8 36. Bg2 Qa4 37. Qd2 Bb4 38. Qb2 Qa3 39. Qb1 Qa5 40. Ne5
Bc3 41. Nxd7 Bxd4 42. exd4 Nxd7 43. Bf3 Nf6 44. Qb2 Qf5 45. Kg2 Ne8 46. Qb8 Qe6
47. Qb5 Nd6 48. Qc5 Qf6 49. g4 Qf4 50. Qd5 1/2-1/2